000 00470nam a22001817a 4500
003 MPLRDC
005 20220104180010.0
008 210129b ||||| |||| 00| 0 eng d
020 _a983-62-2375-4
082 _a524.963 RAM v.5 1991 c.2
100 _aMOHD. DAHALAN BIN MOHD. RAMLI
245 _aBAHASA MELAYU TINGKATAN 5
_c
250 _a第一版
260 _a
_bDEWAN BAHASA DAN PUS
_c1991
300 _b
650 _a
942 _cBK
_o524.963 RAM v.5 1991 c.2
999 _c60692
_d60682